[Event "AUTO-INT-1847"]
[Site "http://www.queenalice.com/game.php?id=847612"]
[Date "2010.10.18"]
[Round "1"]
[White "geniolucio"]
[Black "ldfsilva"]
[Result "1-0"]
[WhiteElo "1657"]
[BlackElo "1442"]

1. e4 c5 2. Nf3 Nc6 3. c3 e6 4. b4 cxb4 5. Nd4 bxc3 6. dxc3 Qa5 7. Bd2 Qe5 8. f3
Nf6 9. Be2 Nxd4 10. cxd4 Qxd4 11. Nc3 Bb4 12. Rc1 Bxc3 13. Rxc3 O-O 14. Rd3 Qb6
15. Be3 Qc7 16. O-O d5 17. exd5 Nxd5 18. Bd2 Bd7 19. Kh1 Bc6 20. Rd4 Rad8 21.
Bg5 Rd7 22. Bc4 f6 23. Bh4 1-0

[Event "AUTO-INT-1847"]
[Site "http://www.queenalice.com/game.php?id=847613"]
[Date "2010.10.18"]
[Round "1"]
[White "ldfsilva"]
[Black "geniolucio"]
[Result "0-1"]
[WhiteElo "1650"]
[BlackElo "1672"]

1. d4 d5 2. c4 c6 3. Nf3 Nf6 4. Nc3 dxc4 5. e4 b5 6. e5 Nd5 7. Be2 e6 8. O-O Bb4
9. a4 Nxc3 10. bxc3 Bxc3 11. Ra2 b4 12. Bxc4 O-O 13. Qb3 Ba6 14. Bd2 Bxc4 15.
Qxc4 Qb6 16. Bxc3 bxc3 17. Qxc3 Nd7 18. Rb2 Qc7 19. Rfb1 c5 20. Rb7 Qd8 0-1

[Event "AUTO-INT-2586"]
[Site "http://www.queenalice.com/game.php?id=1161246"]
[Date "2013.3.15"]
[Round "1"]
[White "kykobr"]
[Black "ldfsilva"]
[Result "1-0"]
[WhiteElo "1366"]
[BlackElo "1554"]

1. e4 c5 2. Nf3 Nc6 3. Bb5 d5 4. d3 dxe4 5. Bxc6+ bxc6 6. dxe4 Ba6 7. b3 Qxd1+
8. Kxd1 Nf6 9. e5 Nd5 10. c4 Nb4 11. a3 Nd3 12. Ke2 Nxc1+ 13. Rxc1 e6 14. Rd1
Be7 15. Nc3 O-O 16. Rd7 Rfe8 17. Rad1 f6 18. exf6 Bxf6 19. Ne4 Bd4 20. Nxd4 cxd4
21. R1xd4 Bc8 22. Rc7 e5 23. Rd2 Re6 24. Rd8+ 1-0

[Event "AUTO-INT-2586"]
[Site "http://www.queenalice.com/game.php?id=1161247"]
[Date "2013.3.15"]
[Round "1"]
[White "ldfsilva"]
[Black "kykobr"]
[Result "1-0"]
[WhiteElo "1550"]
[BlackElo "1456"]

1. c4 Nc6 2. d4 e6 3. Nf3 Bb4+ 4. Bd2 Bxd2+ 5. Nbxd2 Nf6 6. e4 d6 7. d5 exd5 8.
exd5 Ne7 9. Bd3 O-O 10. O-O Bg4 11. Qc2 h6 12. h3 Bd7 13. Ne4 Nxe4 14. Bxe4 Ng6
15. Nh2 f5 16. Bd3 Ne5 17. Be2 Rc8 18. f4 Nf7 19. Bh5 Qh4 20. Bxf7+ Rxf7 21. Nf3
Qxf4 22. Rae1 Re8 23. Qd3 Rxe1 24. Rxe1 h5 25. b4 g5 26. Rf1 g4 27. Nd4 Qg5 28.
hxg4 hxg4 29. c5 f4 30. c6 bxc6 31. dxc6 Bf5 32. Qc4 f3 33. Ne6 Qe3+ 34. Kh2
Bxe6 35. Qc2 Rh7+ 36. Qxh7+ Kf8 37. Qh8+ Ke7 38. Qg7+ Bf7 39. Qxg4 Qe5+ 40. Qg3
Qe2 41. Re1 1-0

[Event "AUTO-INT-2586"]
[Site "http://www.queenalice.com/game.php?id=1161262"]
[Date "2013.3.15"]
[Round "1"]
[White "pride"]
[Black "ldfsilva"]
[Result "0-1"]
[WhiteElo "1521"]
[BlackElo "1372"]

1. d4 f5 2. Qd3 d5 3. c4 Nf6 4. Qb3 dxc4 5. Qxc4 Nc6 6. d5 Nxd5 7. h4 e5 8. Bg5
Bb4+ 9. Nd2 Bxd2+ 10. Kxd2 Qd6 11. Ke1 Be6 12. Qb3 h6 13. Qxb7 Rb8 14. Qa6 hxg5
15. h5 Rxb2 16. Rc1 Nc3 17. Qc8+ Bxc8 0-1

[Event "AUTO-INT-2586"]
[Site "http://www.queenalice.com/game.php?id=1161263"]
[Date "2013.3.15"]
[Round "1"]
[White "ldfsilva"]
[Black "pride"]
[Result "1-0"]
[WhiteElo "1513"]
[BlackElo "1492"]

1. c4 e5 2. Nc3 Qe7 3. Nf3 Nh6 4. d4 exd4 5. Nxd4 Qc5 6. e4 d6 7. Be3 d5 8. cxd5
Qd6 9. Bb5+ Nd7 10. O-O a6 11. Ba4 Kd8 12. f4 Ng4 13. Qxg4 Nb6 14. Qg3 Nxa4 15.
Nxa4 h5 16. Rac1 Rh6 17. Nc3 Be7 18. Qxg7 Rg6 19. Qh8+ Bf8 20. Qxh5 Rh6 21. Qxf7
Rf6 22. Qh5 Rh6 23. Qe2 Qg6 24. f5 Qf6 25. Bxh6 Bxh6 26. Ne6+ Kd7 27. Na4 Ke7
28. Rxc7+ Bd7 29. Nac5 Rd8 30. d6+ Ke8 31. Qh5+ Qf7 32. Qxf7+ Kxf7 33. Nxd8+ Ke8
34. Ncxb7 Be3+ 35. Kh1 Bb5 36. Re7+ Kf8 37. Ne6+ Kg8 38. Nbd8 Bb6 39. Rg7+ Kh8
40. Nf7# 1-0

[Event "AUTO-INT-2586"]
[Site "http://www.queenalice.com/game.php?id=1161272"]
[Date "2013.3.15"]
[Round "1"]
[White "pablin"]
[Black "ldfsilva"]
[Result "0-1"]
[WhiteElo "1755"]
[BlackElo "1412"]

1. d4 c5 2. c4 Nf6 3. Nc3 Nc6 4. Nf3 e6 5. Bg5 h6 6. Bxf6 Qxf6 7. e3 Be7 8. Ne4
Qg6 9. dxc5 Qxe4 10. Bd3 Qg4 11. O-O f5 12. a3 Bxc5 13. Be2 O-O 14. Ne5 Qh4 15.
Ng6 Qf6 16. Nxf8 Qxf8 17. Bh5 b6 18. b4 Bd6 19. Bf3 Ba6 20. b5 Bxb5 21. cxb5 Ne5
22. Bxa8 Ng4 23. g3 Qe7 24. Bf3 Ne5 25. Qc2 Nxf3+ 26. Kg2 Ng5 27. Qa4 Qf7 28.
Qxa7 Qh5 29. h4 Qf3+ 30. Kh2 Ne4 31. Rg1 Qxf2+ 32. Rg2 Bxg3+ 33. Kh3 Qf3 34.
Qa8+ Kf7 35. Qxe4 Qxe4 36. Rxg3 Qa4 37. Rag1 Qxa3 38. e4 Qb4 39. Rxg7+ Ke8 40.
Rg8+ Ke7 41. R1g7+ Kd6 42. exf5 exf5 43. Rg6+ Kc7 44. Rxh6 Qb3+ 45. Rg3 Qxb5 46.
Rf3 Qd5 47. Kg3 b5 48. Rf6 Qe5+ 0-1

[Event "AUTO-INT-2586"]
[Site "http://www.queenalice.com/game.php?id=1161273"]
[Date "2013.3.15"]
[Round "1"]
[White "ldfsilva"]
[Black "pablin"]
[Result "0-1"]
[WhiteElo "1355"]
[BlackElo "1617"]

1. f4 d5 2. Nf3 Nf6 3. Nc3 Nc6 4. h3 Bf5 5. d3 e6 6. a3 Bc5 7. Ne5 Nxe5 8. fxe5
d4 9. exf6 dxc3 10. fxg7 Qh4+ 11. g3 Qxg3# 0-1

[Event "AUTO-INT-2587"]
[Site "http://www.queenalice.com/game.php?id=1161607"]
[Date "2013.3.16"]
[Round "1"]
[White "ldfsilva"]
[Black "jairo366"]
[Result "0-1"]
[WhiteElo "1562"]
[BlackElo "1515"]

1. d4 Nf6 2. c4 g6 3. Nc3 Bg7 4. Nf3 O-O 5. Bf4 d6 6. e4 Nbd7 7. d5 c5 8. g3 a6
9. Bg2 b5 10. O-O b4 11. Ne2 Nxe4 12. Qc2 Nef6 13. a3 Bb7 14. axb4 cxb4 15. Ra4
a5 16. Nc1 Nc5 17. Ra1 a4 18. Nd3 b3 0-1

[Event "AUTO-INT-2587"]
[Site "http://www.queenalice.com/game.php?id=1161608"]
[Date "2013.3.16"]
[Round "1"]
[White "jairo366"]
[Black "ldfsilva"]
[Result "0-1"]
[WhiteElo "1558"]
[BlackElo "1512"]

1. e4 c5 2. Nc3 Nc6 3. g3 e6 4. Bg2 g6 5. d3 Bg7 6. f4 Nge7 7. Nf3 O-O 8. Be3
Qb6 9. Rb1 d5 10. O-O d4 11. Na4 Qa5 12. Bd2 Qxa4 13. e5 Qxa2 14. Nxd4 Nxd4 0-1

[Event "AUTO-INT-2587"]
[Site "http://www.queenalice.com/game.php?id=1161609"]
[Date "2013.3.16"]
[Round "1"]
[White "ldfsilva"]
[Black "pablin"]
[Result "0-1"]
[WhiteElo "1414"]
[BlackElo "1753"]

1. c4 c5 2. Nc3 Nf6 3. d4 cxd4 4. Qxd4 Nc6 5. Qh4 h6 6. Nf3 e5 7. e4 Be7 8. Qg3
O-O 9. Bxh6 Nh5 10. Qg4 d6 11. Qxh5 g6 12. Bxf8 Qxf8 13. Qg5 Bxg5 14. Nxg5 Nd4
15. Bd3 Qh6 16. h4 f6 17. Nf3 Nxf3+ 18. gxf3 Qf4 19. Nd5 Qxf3 20. Rf1 Qxd3 21.
Nxf6+ Kg7 22. Ne8+ Kh6 23. Rd1 Qxe4+ 24. Kd2 Qd4+ 25. Ke1 Qxb2 26. Rxd6 Qb1+ 27.
Ke2 Qxa2+ 28. Kf3 Qxc4 29. Rg1 Bf5 30. Nf6 e4+ 31. Ke3 Qc5+ 32. Rd4 Rd8 33. Ng4+
Bxg4 34. Rxg4 Qxd4+ 0-1

[Event "AUTO-INT-2587"]
[Site "http://www.queenalice.com/game.php?id=1161610"]
[Date "2013.3.16"]
[Round "1"]
[White "pablin"]
[Black "ldfsilva"]
[Result "0-1"]
[WhiteElo "1744"]
[BlackElo "1442"]

1. d4 c5 2. d5 Nf6 3. Nc3 g6 4. e4 Bg7 5. Nf3 d6 6. Bg5 Bg4 7. Bb5+ Nbd7 8. O-O
O-O 9. Re1 a6 10. Bc4 Qb6 11. Na4 Qb4 12. b3 b5 13. Bd2 Qa3 14. c3 Nxd5 15. Bxd5
Bxc3 16. Nxc3 Ra7 17. Bc1 Qa5 18. Bc6 Qxc3 19. Be3 Ne5 20. Bd5 Rd8 21. Rc1 Qa5
22. Ra1 e6 23. Bd2 Qb6 24. Bc3 Bxf3 25. gxf3 exd5 26. Qxd5 Nxf3+ 27. Kf1 Nxe1
28. Rxe1 Re8 29. e5 dxe5 30. Rxe5 Rxe5 31. Qxe5 f6 32. Qf4 Kf7 33. Qh6 b4 34.
Bb2 Qb5+ 35. Kg1 Ke6 36. Qe3+ Kf7 37. Qf3 Qb6 38. h4 Re7 39. a4 bxa3 40. Bxa3
Rb7 41. Qe3 Qxb3 42. Qxc5 Qd1+ 43. Kg2 Qg4+ 44. Kf1 Rb1+ 0-1

[Event "AUTO-INT-2587"]
[Site "http://www.queenalice.com/game.php?id=1161611"]
[Date "2013.3.16"]
[Round "1"]
[White "ldfsilva"]
[Black "Loro"]
[Result "1-0"]
[WhiteElo "1394"]
[BlackElo "1505"]

1. c4 Nf6 2. Nc3 c6 3. e4 e5 4. Nf3 Bd6 5. Be2 Bc5 6. d4 exd4 7. Nxd4 d5 8. exd5
cxd5 9. O-O dxc4 10. Be3 Bxd4 11. Bxd4 O-O 12. Bxc4 Nc6 13. Be3 Qc7 14. f4 Na5
15. Be2 Bf5 16. Rc1 Qe7 17. Bd4 Rad8 18. Qa4 b6 19. a3 Nb7 20. Rcd1 Bd7 21. Qxa7
Bf5 22. Bxf6 Qe3+ 23. Kh1 gxf6 24. Qxb7 Rxd1 25. Rxd1 Kg7 26. Bf3 Bc2 27. Nd5
Qf2 28. Rg1 Qh4 29. Qxb6 Bg6 30. g4 Qh3 31. Qxf6+ Kg8 32. Ne7# 1-0

[Event "AUTO-INT-2587"]
[Site "http://www.queenalice.com/game.php?id=1161612"]
[Date "2013.3.16"]
[Round "1"]
[White "Loro"]
[Black "ldfsilva"]
[Result "0-1"]
[WhiteElo "1533"]
[BlackElo "1349"]

1. e4 c5 2. Bc4 Nc6 3. f4 e6 4. g3 d5 5. exd5 exd5 6. Bb5 Nf6 7. Qe2+ Be7 8. Nf3
O-O 9. Ng5 h6 10. Nxf7 Rxf7 11. Bd3 Nd4 12. Qe5 Bd6 13. Qe3 Re7 14. c3 Rxe3+ 15.
dxe3 Nf3+ 16. Kf2 c4 17. Be2 Nh4 18. gxh4 Ne4+ 19. Kf1 Qxh4 20. h3 Qf2# 0-1

[Event "AUTO-OPEN-2942"]
[Site "http://www.queenalice.com/game.php?id=1161672"]
[Date "2013.3.16"]
[Round "1"]
[White "marcomasao"]
[Black "ldfsilva"]
[Result "0-1"]
[WhiteElo "1627"]
[BlackElo "1530"]

1. e4 c5 2. Bc4 Nc6 3. Qf3 e6 4. Nh3 Nh6 5. a4 Nd4 6. Qd3 d5 7. exd5 exd5 8. Ba2
Bf5 9. Qe3+ Be7 10. Bb3 Bxc2 11. Qc3 Bxb3 12. Ra3 Nc2+ 13. Kf1 Nxa3 14. Nxa3 Qb6
15. Qxg7 Qf6 16. Qg3 O-O-O 17. Qxb3 a6 18. a5 c4 19. Qa4 Rhe8 20. g3 Bc5 21. Kg2
Re2 22. Rf1 Ng4 23. Nf4 Ne5 24. Nxe2 Qf3+ 25. Kg1 Qxe2 26. Qc2 h5 27. d4 Qxc2
28. Nxc2 Nf3+ 29. Kg2 Nxd4 30. Ne3 Bb4 31. Rd1 Nb3 32. Nf5 Nxa5 33. Ng7 h4 34.
gxh4 Rg8 35. Bh6 Bf8 36. Rxd5 Nc6 37. Rg5 Ne7 38. h5 f6 39. Rg3 Bxg7 40. Bxg7
Nf5 41. Rg6 Nh4+ 42. Kf1 Nxg6 43. Bxf6 Rf8 44. Bd4 Nh4 45. Ke2 b5 46. Bc5 Rh8
47. Ke3 Rxh5 48. Bd4 a5 49. Kf4 b4 50. Kg4 Rd5 51. Bf6 Ng6 52. Bg7 a4 53. Kf3 a3
54. bxa3 bxa3 55. Ke4 Rd7 56. Bc3 a2 57. Kf5 Nf8 58. Ke4 Kc7 59. Kf4 Rd3 60. Bh8
c3 61. Ke4 Rh3 62. Be5+ Kc6 63. Kf4 a1=Q 64. Kg4 Rd3 65. Kf4 Qa4+ 66. Kg5 c2 67.
Bf4 Ne6+ 68. Kf6 Qxf4+ 69. Kxe6 c1=Q 70. h4 Qce3+ 71. fxe3 Rxe3# 0-1

[Event "AUTO-OPEN-2942"]
[Site "http://www.queenalice.com/game.php?id=1161673"]
[Date "2013.3.16"]
[Round "1"]
[White "ldfsilva"]
[Black "marcomasao"]
[Result "1-0"]
[WhiteElo "1492"]
[BlackElo "1629"]

1. d4 e6 2. c4 Qg5 3. Bxg5 Bb4+ 4. Nc3 h6 5. Bh4 g5 6. Bg3 d6 7. Nf3 Nf6 8. Qa4+
Nc6 9. O-O-O Bd7 10. d5 exd5 11. Nxd5 Kd8 12. Nxf6 Ne5 13. Qxb4 Bc6 14. Bxe5 Rf8
15. Rxd6+ Kc8 16. g3 a5 17. Bh3+ Kb8 18. Qb3 a4 19. Qb4 Ra6 20. Rhd1 Ka7 21. Rd8
Rb6 22. Qxf8 Ra6 23. Ra8+ Kb6 24. Qb4+ Bb5 25. Qxb5# 1-0

[Event "AUTO-OPEN-2942"]
[Site "http://www.queenalice.com/game.php?id=1161695"]
[Date "2013.3.16"]
[Round "1"]
[White "bdpq"]
[Black "ldfsilva"]
[Result "0-1"]
[WhiteElo "1621"]
[BlackElo "1470"]

1. e4 c5 2. d4 cxd4 3. Qxd4 Nc6 4. Qd1 Nf6 5. Bd3 d5 6. exd5 Qxd5 7. Nf3 Bg4 8.
Nc3 Qa5 9. O-O O-O-O 10. Be2 Rxd1 11. Rxd1 e6 12. Bg5 Bxf3 13. Bxf6 Bxe2 14. Re1
Bc4 15. Bh4 Bc5 16. g3 Nd4 17. Ne4 Nxc2 18. Rec1 Nxa1 19. Rxa1 Bb6 20. Nd6+ Kb8
21. Nxc4 Qc5 22. Ne3 h6 23. Rd1 g5 24. Rd7 Qc1+ 25. Nf1 Qc2 26. g4 gxh4 27. Rxf7
h3 28. Rf3 Rg8 29. Ne3 Rxg4+ 30. Nxg4 Qd1# 0-1

[Event "AUTO-OPEN-2942"]
[Site "http://www.queenalice.com/game.php?id=1161696"]
[Date "2013.3.16"]
[Round "1"]
[White "ldfsilva"]
[Black "bdpq"]
[Result "0-1"]
[WhiteElo "1530"]
[BlackElo "1640"]

1. d4 d5 2. c4 dxc4 3. e4 e6 4. Bxc4 Nf6 5. Nc3 Bb4 6. Ne2 Bxc3+ 7. Nxc3 e5 8.
d5 O-O 9. O-O Bg4 10. f3 Bh5 11. Bg5 c6 12. b3 Nbd7 13. Na4 Nb6 14. Nc5 Nxc4 15.
bxc4 b6 16. Bxf6 Qxf6 17. Nd7 Qe7 18. Nxf8 Qxf8 19. g4 Bg6 20. f4 Bxe4 21. fxe5
cxd5 22. cxd5 Qc5+ 23. Rf2 Bxd5 24. Qc2 Qd4 25. Rc1 Qxg4+ 26. Kf1 Be4 27. Qc7
Qh3+ 28. Ke1 Bg6 29. Rd1 Qh4 30. a4 h6 31. a5 Qb4+ 32. Rfd2 Qxa5 33. e6 fxe6 34.
Kf1 Qb5+ 35. Kg1 Qg5+ 36. Qg3 Qc5+ 37. Rd4 Kh7 38. Rd2 Rd8 39. Qg4 e5 40. Rg2
Rd6 41. h4 Rxd4 42. Qg3 Rd3+ 43. Qf2 Qxf2+ 44. Rxf2 Rh3 45. Kg2 Rxh4 0-1

[Event "AUTO-OPEN-2942"]
[Site "http://www.queenalice.com/game.php?id=1161707"]
[Date "2013.3.16"]
[Round "1"]
[White "Dcar"]
[Black "ldfsilva"]
[Result "1-0"]
[WhiteElo "1769"]
[BlackElo "1518"]

1. Nf3 c5 2. g3 Nc6 3. Bg2 d5 4. O-O Nf6 5. c3 Bf5 6. d4 c4 7. Nh4 Be4 8. Nd2
Bxg2 9. Nxg2 e5 10. Nf3 Bd6 11. b3 b5 12. bxc4 bxc4 13. a4 O-O 14. Ba3 exd4 15.
Nxd4 Na5 16. Bxd6 Qxd6 17. Nf5 Qe5 18. Nd4 Ne4 19. Qc2 Rab8 20. Ne3 Nb3 21. Nc6
Rb6 22. Nxe5 1-0

[Event "AUTO-OPEN-2942"]
[Site "http://www.queenalice.com/game.php?id=1161708"]
[Date "2013.3.16"]
[Round "1"]
[White "ldfsilva"]
[Black "Dcar"]
[Result "1-0"]
[WhiteElo "1528"]
[BlackElo "1774"]

1. d4 d5 2. c4 Nf6 3. Nc3 c6 4. Bg5 g6 5. Qd2 Bg7 6. Nf3 O-O 7. Bh6 Ng4 8. Bxg7
Kxg7 9. h3 dxc4 10. hxg4 Bxg4 11. Qh6+ Kf6 12. O-O-O Ke6 13. e4 b5 14. d5+ cxd5
15. Rxd5 f6 16. Qg7 Qe8 17. Ng5+ fxg5 18. Qe5+ Kf7 19. Rxh7+ 1-0